00244nam a2200109Ia 4500008004100000020001500041050001400056245001900070260002800089260000900117300000800126160319s9999 xx 000 0 und d a9716982089 bIb12 2005 aIbong Adarna / bVicente Pub. House Inc. c2005 a311